000 008950000a22002170004500
020 _a0-567-09483-9
082 0 4 _aG 238.142 T67t
100 1 _aTorrance, Thomas F.
245 1 0 _aThe trinitarian faith : The evangelical theology of the ancient catholic church / Thomas F. Torrance
260 _aEdinburgh, Scotland : T. & T. Clark
300 _a345 páginas
500 _aIncluye índice (p. 341-345)
501 _aPasta dura
505 0 0 _aFe y devoción - Acceso al Padre - El creador todopoderoso - Dios de Dios, luz de luz - El salvador encarnado - El espíritu eterno - La única iglesia - La trinidad de Dios
650 1 4 _aCredo Niceo - Constantinopolitano \ Trinidad - Historia de las doctrinas - la iglesia temprana, ca. 30-600
001 19363
942 _cBK
999 _c45728
_d45728
336 _atexto
_btxt
_2rdacontent
337 _2rdamedia
_asin mediación
_bn
338 _2rdacarrier
_avolumen
_bnc